=LDR 00000nam 2200000 4500 =001 INLIS000000000040924 =005 20130612150458 =008 ***********************************ind** =035 ##$$a0010-061300000040924 =041 ##$$a ind =082 ##$$a 813 =090 ##$$a 813, Sur l =100 ##$$a Suryakusuma, Rina =245 ##$$a Lukisan keempat , Rina Suryakusuma =260 ##$$a 2010 $b jakarta =300 ##$$a 215 hlm. , 18 cm =650 ##$$a FIKSI =700 ##$$a KRESNAWATI, Novera =850 ##$$a NBPNMAT =990 ##$$a 21400613/BPAP-NTB/20142014